| 000 | 00584nam a2200181 a 4500 | ||
|---|---|---|---|
| 003 | BD-DhJNU | ||
| 005 | 20251008025743.0 | ||
| 008 | 250501s1961 ii a b 001 0 eng | ||
| 040 |
_aBD-DhJNU _bENG _cBD-DhJNU _dBD-DhJNU |
||
| 082 | 0 | 0 |
_a947 THC _223 |
| 100 | 1 | _aThomson, Gladys Scott | |
| 245 | 1 | 0 |
_aCatherine the great and the expansion of Russia / _cGladys Scott Thomson |
| 260 |
_aLondon : _bThe English University Press Ltd, _c1961. |
||
| 300 |
_ax, 294 p. : _bill. ; _c18 cm. |
||
| 504 | _aIncludes bibliographical references and index. | ||
| 650 | 0 | _aRussia History | |
| 942 | _cBK | ||
| 999 |
_c2177 _d2177 |
||